<?xml version="1.0" encoding="UTF-8"?>
<record
    xmlns:xsi="http://www.w3.org/2001/XMLSchema-instance"
    xsi:schemaLocation="http://www.loc.gov/MARC21/slim http://www.loc.gov/standards/marcxml/schema/MARC21slim.xsd"
    xmlns="http://www.loc.gov/MARC21/slim">

  <leader>00614nam a22001697a 4500</leader>
  <controlfield tag="005">20150124131824.0</controlfield>
  <controlfield tag="008">140626t        ag||||| |||| 00| 0 esp d</controlfield>
  <datafield tag="050" ind1="0" ind2="4">
    <subfield code="a">BF 575</subfield>
    <subfield code="b">J34 190?</subfield>
  </datafield>
  <datafield tag="100" ind1="1" ind2=" ">
    <subfield code="a">Jagot, Paul C.</subfield>
  </datafield>
  <datafield tag="245" ind1="1" ind2="0">
    <subfield code="a">Psicolog&#xED;a del Amor :</subfield>
    <subfield code="b">El Instinto, la Sensibilidad y la Imaginaci&#xF3;n. El Nacimiento, las Evoluciones y la Extinci&#xF3;n del Amor /</subfield>
    <subfield code="c">Paul C. Jagot,</subfield>
  </datafield>
  <datafield tag="250" ind1=" " ind2=" ">
    <subfield code="a">Primera Edici&#xF3;n: 190?</subfield>
  </datafield>
  <datafield tag="260" ind1=" " ind2=" ">
    <subfield code="a">Buenos Aires, Argentina :</subfield>
    <subfield code="b">Tor,</subfield>
    <subfield code="c">190?</subfield>
  </datafield>
  <datafield tag="300" ind1=" " ind2=" ">
    <subfield code="a">185 paginas, </subfield>
    <subfield code="c">19 X 13 cent&#xED;metros, </subfield>
  </datafield>
  <datafield tag="504" ind1=" " ind2=" ">
    <subfield code="a">Incluye: Indice</subfield>
  </datafield>
  <datafield tag="650" ind1=" " ind2="7">
    <subfield code="2">Lemb</subfield>
    <subfield code="a">Filosof&#xED;a </subfield>
    <subfield code="x">Psicolog&#xED;a </subfield>
  </datafield>
  <datafield tag="942" ind1=" " ind2=" ">
    <subfield code="2">ddc</subfield>
    <subfield code="c">LIB</subfield>
  </datafield>
  <datafield tag="999" ind1=" " ind2=" ">
    <subfield code="c">84133</subfield>
    <subfield code="d">84133</subfield>
  </datafield>
  <datafield tag="952" ind1=" " ind2=" ">
    <subfield code="1">0</subfield>
    <subfield code="2">lcc</subfield>
    <subfield code="4">0</subfield>
    <subfield code="7">0</subfield>
    <subfield code="a">LIC-020</subfield>
    <subfield code="b">LIC-020</subfield>
    <subfield code="c">GENERAL</subfield>
    <subfield code="d">2014-06-26</subfield>
    <subfield code="k">Educaci&#xF3;n y humanidades</subfield>
    <subfield code="o">BF 575 J34 190?</subfield>
    <subfield code="p">BFF000007326</subfield>
    <subfield code="r">2015-01-16 00:00:00</subfield>
    <subfield code="t">C: 1</subfield>
    <subfield code="y">LIB</subfield>
  </datafield>
</record>
